| 000 | 00858nam a22001937a 4500 | ||
|---|---|---|---|
| 005 | 20251108164835.0 | ||
| 008 | 250721s1992 xx 000 0 ara d | ||
| 082 | 1 | 4 | _a813.9095665/ملت |
| 111 | 2 | _aملتقى الكتابات القصصية و الروائية في دولة الإمارات العربية المتحدة (2 :1989: الشارقة ) | |
| 245 | 1 | 0 | _aأبحاث الملتقى الثاني للكتابات القصصية و الروائية في دولة الإمارات العربية المتحدة / |
| 264 | 1 |
_aالشارقة : _bإتحاد كتاب و أدباء الإمارات، _c1992. |
|
| 300 | _aج | ||
| 650 | 1 | 7 | _aالقصص العربية |
| 650 | 1 | 7 | _aالتاريخ الأدبي |
| 650 | 1 | 7 | _aالنقد الأدبي |
| 650 | 1 | 7 | _aالإمارات العربية المتحدة |
| 942 |
_2ddc _cBK |
||
| 999 |
_c15616 _d15616 |
||